LEADER 02019 am 2200637 n 450 001 9910416487303321 005 20191008 010 $a2-86906-518-3 024 7 $a10.4000/books.pufr.16420 035 $a(CKB)4100000010105916 035 $a(FrMaCLE)OB-pufr-16420 035 $a(oapen)https://directory.doabooks.org/handle/20.500.12854/48381 035 $a(PPN)242886140 035 $a(EXLCZ)994100000010105916 100 $a20200124j|||||||| ||| 0 101 0 $afre 135 $auu||||||m|||| 181 $ctxt$2rdacontent 182 $cc$2rdamedia 183 $acr$2rdacarrier 200 10$aGenèse médiévale de l'anthroponymie moderne. Tome IV : Discours sur le nom $eNormes, usages, imaginaire (vie-xvie siècles) /$fPatrice Beck 210 $aTours $cPresses universitaires François-Rabelais$d2019 215 $a1 online resource (252 p.) 311 $a2-86906-099-8 606 $aLinguistics 606 $aanthroponymie 606 $anom 606 $anorme 606 $aimaginaire 610 $aimaginaire 610 $aanthroponymie 610 $anorme 610 $anom 615 4$aLinguistics 615 4$aanthroponymie 615 4$anom 615 4$anorme 615 4$aimaginaire 700 $aBeck$b Patrice$0166109 701 $aBilly$b Pierre-Henri$0439555 701 $aBOURIN$b Monique$0166959 701 $aChareille$b Anne$01301873 701 $aDebert$b Aline$01301874 701 $aMaurice$b Philippe$01301875 701 $aMichaud-Fréjaville$b Françoise$01286955 701 $aMora$b Bernadette$0191424 701 $aParisse$b Michel$0192728 701 $aPastoureau$b Michel$0211701 701 $aPolo de Beaulieu$b Marie Anne$01301876 701 $aTilliette$b Jean-Yves$0169464 701 $aBeck$b Patrice$0166109 801 0$bFR-FrMaCLE 906 $aBOOK 912 $a9910416487303321 996 $aGenèse médiévale de l'anthroponymie moderne. Tome IV : Discours sur le nom$93026032 997 $aUNINA LEADER 01334nam2 22003493i 450 001 UMC0087626 005 20251003044431.0 100 $a20080512d1930 ||||0itac50 ba 101 | $aita 102 $ait 181 1$6z01$ai $bxxxe 182 1$6z01$an 200 1 $aˆ4: ‰Studi vari di diritto romano e moderno$esui diritti reali e di successione$fContardo Ferrini$ga cura di Pietro Ciapessoni 210 $aMilano$cHoepli$d1930 215 $a490 p.$d24 cm. 461 1$1001UMC0087604$12001 $aOpere di Contardo Ferrini$v4 606 $aDiritti reali$xDiritto romano$2FIR$3SBLC044862$9I 676 $a346.3704$9DIRITTO PRIVATO$v21 696 $aIus Romanum$aJus$aIus 699 $aDiritto romano$yIus Romanum 699 $aDiritto romano$zJus 699 $aDiritto romano$yIus 700 1$aFerrini$b, Contardo$3RAVV059941$4070$0218297 702 1$aCiapessoni$b, Pietro$3TO0V090691 790 1$aFerrini$b, Eugenio Contardo$3TO0V449015$zFerrini, Contardo 801 3$aIT$bIT-000000$c20080512 850 $aIT-BN0095 912 $aUMC0087626 950 2$aBiblioteca Centralizzata di Ateneo$d 01D (AR) 28 698$e 01AR 0700286985 VMF (0004 v. 4$fB $h20131203$i20131203 977 $a 01 996 $aStudi vari di diritto romano e moderno$968551 997 $aUNISANNIO